1990s rapper by one song - Statistics

General Stats
  • This quiz has been taken 26 times
  • The average score is 8 of 16
Answer Stats
Song Rapper/Rap group % Correct
Gin and Juice Snoop Dogg
91%
Hypnotize The Notorious B.I.G.
91%
My Name Is Eminem
86%
All Eyez On Me 2Pac
73%
The Next Episode Dr. Dre
68%
Regulate Warren G
64%
C.R.E.A.M. (Cash Rules Everything Around Me) Wu-Tang Clan
64%
Ruff Ryder's Anthem DMX
59%
Shook Ones, Pt. II Mobb Deep
50%
Real Muthaphuckkin G's Eazy-E
41%
You Know How We Do It Ice Cube
32%
Dead Presidents II Jay-Z
27%
The Message Nas
27%
Put It On Big L
23%
Da Art of Storytellin' (Pt. 1) Outkast
23%
Paparazzi Xzibit
14%
No matching quizzes found
Score Distribution
Percent of People with Each Score
Percentile by Number Answered
Your Score History
You have not taken this quiz